书目信息 |
| 题名: |
地层冻结法
|
|
| 作者: | 陈湘生 编著 | |
| 分册: | ||
| 出版信息: | 北京 人民交通出版社 2013.02 |
|
| 页数: | 275页 | |
| 开本: | 27cm | |
| 丛书名: | ||
| 单 册: | ||
| 中图分类: | TU752 | |
| 科图分类: | ||
| 主题词: | 冻结法施工--dong jie fa shi gong | |
| 电子资源: | ||
| ISBN: | 978-7-114-10403-9 | |
| 000 | 00812nam0 2200253 450 | |
| 001 | CAL 0120141400483 | |
| 005 | 20150814120710.98 | |
| 010 | @a978-7-114-10403-9@b精装@dCNY68.00 | |
| 100 | @a20140928d2013 em y0chiy50 ea | |
| 101 | 0 | @achi |
| 102 | @aCN@b110000 | |
| 105 | @aak a 000yy | |
| 106 | @ar | |
| 200 | 1 | @a地层冻结法@Adi ceng dong jie fa@f陈湘生编著 |
| 210 | @a北京@c人民交通出版社@d2013.02 | |
| 215 | @a275页@c图@d27cm | |
| 320 | @a有书目 (第271-275页) | |
| 330 | @a本书共分为七章内容, 具体包括: 冻结法研究和应用现状、人工冻土基本力学性质、土壤冻胀融沉特性及对策、地层冻结设计等内容。 | |
| 586 | @a | |
| 606 | 0 | @a冻结法施工@Adong jie fa shi gong |
| 690 | @aTU752@v5 | |
| 701 | 0 | @a陈湘生@Achen xiang sheng@4编著 |
| 801 | 0 | @aCN@c20150820 |
| 905 | @a河南城建学院图书馆@dTU752@eC590@f3 | |
| 地层冻结法/陈湘生编著.-北京:人民交通出版社,2013.02 |
| 275页:图;27cm |
| ISBN 978-7-114-10403-9(精装):CNY68.00 |
| 本书共分为七章内容, 具体包括: 冻结法研究和应用现状、人工冻土基本力学性质、土壤冻胀融沉特性及对策、地层冻结设计等内容。 |
| ● |
| 相关链接 |
|
|
|
正题名:地层冻结法
索取号:TU752/C590
 
预约/预借
| 序号 | 登录号 | 条形码 | 馆藏地/架位号 | 状态 | 备注 |
| 1 | 1164782 | 211647823 | 建筑库201/201建筑库 41排6列1层/ [索取号:TU752/C590] | 在馆 | |
| 2 | 1164783 | 211647832 | 建筑库201/201建筑库 41排6列1层/ [索取号:TU752/C590] | 在馆 | |
| 3 | 1164784 | 211647841 | 建筑库201/201建筑库 41排6列1层/ [索取号:TU752/C590] | 在馆 |